Contribuciones iberoamericanas al mundo: botánica, medicina, agricultura

保存先:
書誌詳細
第一著者: Martínez-González, Miguel Ángel (autor)
フォーマット: 図書
言語:スペイン語
出版事項: Madrid Anaya 1988
シリーズ:Biblioteca iberoamericana
主題:
タグ: タグ追加
タグなし, このレコードへの初めてのタグを付けませんか!

MARC

LEADER 00000nam a2200000 a 4500
001 UCH8190
003 CL-VaPUC
008 091127e19880000SP |||||||||||||||||spa|d
020 |a 8481620017 
082 0 4 |a 581.6  |b MAR  |2 21 
100 |a Martínez-González, Miguel Ángel  |e autor  |9 544641 
245 1 0 |a Contribuciones iberoamericanas al mundo: botánica, medicina, agricultura 
300 |a 126 p 
942 |c BK 
945 |d 20091127 00:00:00  |a ccalabra 
260 |a Madrid  |b Anaya  |c 1988 
650 0 |a Botánica  |9 264202 
650 0 |a Ciencias naturales  |9 260542 
650 0 |a Ciencias de la tierra  |9 261541 
650 0 |a Agricultura  |9 255598 
650 0 |a Educación  |9 258661 
651 0 |a Latinoamérica  |9 316393 
583 |a last modification  |c 20091127 00:00:00  |k Rodrigo Vera 
490 0 |a Biblioteca iberoamericana 
999 |c 338424  |d 338422